000 00755nam a2200217Ii 4500
003 JO-AjNU
008 230605s9999||||xx |||||||||||||| ||und||
040 _aJO-AjNU
_bara
_erda
_cJO-AjNU
041 _aara
050 1 4 _aTD439.D3764 1990
100 3 _aدرويش، عماد,
_eauthor
_951287
245 0 0 _aتكنولوجيا البيتون والتسليح وطرق تصميم الخلطات البيتونية
250 _aط1
264 3 1 _aدمشق : دار دمشق للطباعة والنشر، 1990
300 _a240ص
336 _atext
_btxt
_2rdacontent
337 _aunmediated
_bn
_2rdamedia
338 _avolume
_bnc
_2rdacarrier
490 0 _aالكتاب الهندسي
650 4 _aهندسة الطرق تكنولوجيا
_951288
999 _aA22644
_c26212
_d26212